|
|
|
|
| LEADER |
00989nam a2200241 a 4500 |
| 001 |
12179168 |
| 008 |
090826r20012000nyu b 001 0 eng d |
| 010 |
|
|
|a 00048626
|
| 020 |
|
|
|a 0521783739 (pbk.)
|
| 040 |
|
|
|a DLC
|c DLC
|d DLC
|
| 082 |
0 |
0 |
|a 418/.00285/4678
|2 21
|
| 100 |
1 |
|
|a Dudeney, Gavin,
|d 1964-
|
| 245 |
1 |
4 |
|a The internet and the language classroom /
|c Gavin Dudeney.
|
| 260 |
|
|
|a New York :
|b Cambridge University Press,
|c 2000[reprinted 2001].
|
| 300 |
|
|
|a 181 p. ;
|c 20 cm.
|
| 490 |
|
0 |
|a Cambridge handbooks for language teachers
|
| 504 |
|
|
|a Includes bibliographical references and index.
|
| 541 |
1 |
|
|e 00014499
|
| 650 |
|
0 |
|a Language and languages
|x Study and teaching
|x Computer network resources.
|
| 650 |
|
0 |
|a Internet in education.
|
| 852 |
4 |
|
|a Ayesha Abed Library
|j General Shelf.
|
| 999 |
|
|
|c 3765
|d 3765
|
| 952 |
|
|
|0 0
|1 0
|2 ddc
|4 0
|6 418_002854678000000_DUD_2001
|7 0
|9 3416
|a BRACUL
|b BRACUL
|c GEN
|d 2009-09-03
|l 10
|m 44
|o 418.002854678 DUD
|p 3010014499
|r 2025-06-27
|s 2025-06-15
|t 1
|w 2009-09-03
|y BK
|